Indian Polity (Record no. 136186)
[ view plain ]
| 000 -LEADER | |
|---|---|
| fixed length control field | 00828nam a22002177a 4500 |
| 010 ## - LIBRARY OF CONGRESS CONTROL NUMBER | |
| LC control number | B-146885 |
| 035 ## - SYSTEM CONTROL NUMBER | |
| System control number | B-146885 |
| 037 ## - SOURCE OF ACQUISITION | |
| Stock number | Cen Lib/Ret |
| 040 ## - CATALOGING SOURCE | |
| Original cataloging agency | DPL |
| Language of cataloging | EN |
| 082 ## - DEWEY DECIMAL CLASSIFICATION NUMBER | |
| Classification number | 320.954 |
| Item number | LAK |
| 100 ## - MAIN ENTRY--PERSONAL NAME | |
| Personal name | Laxmikanth, M. |
| 9 (RLIN) | 14583 |
| 245 ## - TITLE STATEMENT | |
| Title | Indian Polity |
| Statement of responsibility, etc | by M Laxmikanth |
| 260 ## - PUBLICATION, DISTRIBUTION, ETC. (IMPRINT) | |
| Place of publication, distribution, etc | New Delhi |
| Name of publisher, distributor, etc | Tata McGraw Hill Education Private Limited |
| 270 ## - ADDRESS | |
| Address | Tata McGraw Hill Education Private Limited |
| City | New Delhi |
| 300 ## - PHYSICAL DESCRIPTION | |
| Extent | xxi, 429p. |
| Other physical details | 24cm(Hb) |
| 490 ## - SERIES STATEMENT | |
| Series statement | Tata McGraw-Hill's WE series |
| 650 ## - SUBJECT ADDED ENTRY--TOPICAL TERM | |
| Topical term or geographic name as entry element | India -- Politics and government -- Examinations -- Study guides. |
| 9 (RLIN) | 113631 |
| 650 ## - SUBJECT ADDED ENTRY--TOPICAL TERM | |
| Topical term or geographic name as entry element | Public administration -- India -- Examinations -- Study guides. |
| 9 (RLIN) | 113632 |
| 650 ## - SUBJECT ADDED ENTRY--TOPICAL TERM | |
| Topical term or geographic name as entry element | Constitutional law -- India -- Examinations -- Study guides. |
| 9 (RLIN) | 113633 |
| 942 ## - ADDED ENTRY ELEMENTS (KOHA) | |
| Source of classification or shelving scheme | Dewey Decimal Classification |
| Koha item type | English Books |
| Classification part | 320.954 |
| Call number suffix | LAK |
| Withdrawn status | Lost status | Damaged status | Not for loan | Home library | Current library | Date acquired | Source of acquisition | Total Checkouts | Full call number | Barcode | Date last seen | Copy number | Price effective from | Koha item type |
|---|---|---|---|---|---|---|---|---|---|---|---|---|---|---|
| Central Library | Central Library | 26/12/2015 | Cen Lib/Ret | 320.954 LAK | B-146885 | 26/12/2015 | 1 | 26/12/2015 | English Books |
